02247nam a2200397 a 450000100100000000500170001000800410002704000250006808200180009324501210011126000340023230000270026649000180029350001740031150400560048559000260054165000930056765000550066065000580071565000880077365100600086170000330092170000320095470000360098670000360102270000340105870000470109283000240113991000380116395201310120195201310133295201310146395201160159495201220171099900170183200002181520240229073828.0100913s1981 dr r 000 0 spa d aDO-SdBNPbspacBNPHU a352.64bR382t00aRelaciones de trabajo en el servicio público /cLuis Scheker O. ... [et al.] ; prólogo César Estrella Sadhala. aSanto Domingo :bONAP,c1981. aviii, 126 p. ;c23 cm.1 aSeminariosv4 aIncluye las ponencias presentadas en el I Congreso Nacional del Derecho del Trabajo y Seguridad Social celebrado del 9 al 18 de septiembre de 1981, en Santo Domingo, RD. aIncluye bibliografía y notas al pie de páginas. aInventariado, 2018/BT 4aAdministración de personalzRepública DominicanaxEnsayos, conferencias, etc.945310 4aFunción públicazRepública Dominicana917764 4aEconomía del trabajozRepública Dominicana945311 4aRelaciones industrialeszRepública DominicanaxEnsayos, conferencias, etc.945312 4aRepública DominicanaxAdministración Pública96571 aBallester H., Antonio9453131 aMoreta C., Américo9453141 aGrullón Cabral, José9453151 aSuárez, José Darío9310311 aAmaro Guzmán, Raymundo96561 aEstrella Sadhala, César,epról.945316 0aSeminariosv499809 aValidado. Control de calidad. EMS 001054708DSaGRbGRcHDd2017-02-14iLF1l0o352.64 R382tp21815-50r2020-06-25te. 5w2020-06-25yLFDSZPréstamo en sala 001054708DSaGRbGRcHDd2010-09-13iLF1l0o352.64 R382tp21815-30r2020-06-25te. 3w2020-06-25yLFDSZPréstamo en sala 001054708DSaGRbGRcHDd2010-09-13iLF1l0o352.64 R382tp21815-40r2020-06-25te. 4w2020-06-25yLFDSZPréstamo en sala 0010718PDaPDbPDcHDd2010-09-13iLF1l0o352.64 R382tp21815-10r2020-06-25w2020-06-25yLFPDZNo se presta 0010718PDaPDbPDcHDd2010-09-13iLF1l0o352.64 R382tp21815-20r2020-06-25te. 2w2020-06-25yLFPDZNo se presta c21313d21313